Normal view
MARC view
- Reyes Gómez, Lucía
Entry Nombre Personal
001 - NUMERO DE CONTROL
- campo de control: 45790
003 - IDENTIFICADOR DE NUMERO DE CONTROL
- campo de control: MX-MxUPN
005 - FECHA Y HORA DE LA ÜLTIMA TRANSACCIÓN
- campo de control: 20220815150049.0
008 - DATOS DE LONGITUD FIJA
- campo de control de longitud fija: 220815|| aca||aabn | a|a d
040 ## - FUENTE DE CATALOGACIÓN
- Agencia original de catalogación: MX-MxUPN
- Lenguaje de catalogación: spa
- Agencia de transcripción: MX-MxUPN
100 1# - ENCABEZAMIENTO - NOMBRE PERSONAL
- Nombre personal: Reyes Gómez, Lucía
670 ## - FUENTE EN LA QUE SE LOCALIZARON DATOS
- Cita de la fuente: Bailes del folklor mexicano, 1990:
- Información localizada: portada (Lucía Reyes Gómez)
902 ## - CATALOGADOR
- Catalogador: VRC/150822
